Dirección de mercadotecnia: análisis, planeación y control

Gorde:
Xehetasun bibliografikoak
Egile nagusia: Kotler, Philip (Egilea)
Formatua: Liburua
Hizkuntza:gaztelania
Argitaratua: Ciudad de México Diana 1987
Edizioa:3a. ed
Gaiak:
Etiketak: Etiketa erantsi
Etiketarik gabe, Izan zaitez lehena erregistro honi etiketa jartzen!

MARC

LEADER 00000nam a2200000 a 4500
001 UCV3612
003 CL-VaPUC
008 880615e19870000MX |||||||||||||||||spa|d
082 0 4 |a 658.8  |b KOT  |2 21 
100 |a Kotler, Philip  |e author  |9 578348 
245 1 0 |a Dirección de mercadotecnia: análisis, planeación y control 
250 |a 3a. ed 
300 |a 622 p 
942 |c BK 
945 |d 19880615 00:00:00 
260 |a Ciudad de México  |b Diana  |c 1987 
650 0 |a Análisis de mercadeo   |9 259322 
650 0 |a Ventas  |9 259323 
650 0 |a Marketing  |9 259324 
650 0 |a Administración  |9 259325 
650 0 |a Comercialización   |9 259326 
583 |a last modification  |c 19880615 00:00:00  |k Rodrigo Vera 
999 |c 210765  |d 210763 
952 |0 0  |1 0  |4 0  |6 658_800000000000000_KOT_1987  |7 0  |8 A  |9 187259  |a BIBALI  |b BIBALI  |c RES  |d 2019-11-14  |i 2549670  |o 658.8 KOT 1987  |p 2549670  |r 2025-01-20  |w 2019-11-14  |y BK_R  |k ALI 
952 |0 0  |1 0  |4 0  |6 658_800000000000000_KOT_1987  |7 0  |8 A  |9 187260  |a BIBALI  |b BIBALI  |c RES  |d 2019-11-14  |i 2549689  |o 658.8 KOT 1987  |p 2549689  |r 2025-01-20  |w 2019-11-14  |y BK_R  |k ALI 
952 |0 0  |1 0  |4 0  |6 658_800000000000000_KOT_1987  |7 0  |8 A  |9 187261  |a BIBALI  |b BIBALI  |c RES  |d 2019-11-14  |i 2549697  |o 658.8 KOT 1987  |p 2549697  |r 2025-01-20  |w 2019-11-14  |y BK_R  |k ALI 
952 |0 0  |1 0  |4 0  |6 658_800000000000000_KOT_1987  |7 0  |8 A  |9 187262  |a BIBALI  |b BIBALI  |c RES  |d 2019-11-14  |i 2549700  |o 658.8 KOT 1987  |p 2549700  |r 2025-01-20  |w 2019-11-14  |y BK_R  |k ALI 
952 |0 0  |1 0  |4 0  |6 658_800000000000000_KOT_1987  |7 0  |8 A  |9 187265  |a BIBING  |b BIBING  |d 2019-11-14  |i 1693549  |o 658.8 KOT 1987  |p 1693549  |r 2025-01-20  |w 2019-11-14  |y BK  |k TRA